[Event "EYCC 2017"]
[Site "Mamaia"]
[Date "2017.09.11"]
[Round "6"]
[White "Vanduyfhuys, Daria"]
[Black "Srdanovic, Jovana"]
[Result "0-1"]
[WhiteElo "1775"]
[BlackElo "1994"]
[Annotator "NA"]
[PlyCount "104"]
[EventDate "2017.??.??"]
[EventType "swiss"]
[EventCountry "ROU"]
[SourceTitle "playchess.com"]
[Source "ChessBase"]
[SourceQuality "1"]
[TimeControl "40/5400+30:1800+30"]

1. d4 {[%emt 0:00:00]} d5 {[%emt 0:00:05]} 2. c4 {[%emt 0:00:00]} c6 {[%emt 0:00:04]} 3. Nf3 {[%emt 0:00:00]} Nf6 {[%emt 0:00:32]} 4. e3 {[%emt 0:00:12]} Bf5 {[%emt 0:01:15]} 5. Nbd2 {[%emt 0:02:30]} e6 {[%emt 0:00:21]} 6. Be2 {[%emt 0:00:10]} h6 {[%emt 0:00:12]} 7. O-O {[%emt 0:00:28]} Nbd7 {[%emt 0:00:41]} 8. b3 {[%emt 0:01:05]} Bd6 {[%emt 0:00:18]} 9. Bb2 {[%emt 0:00:09]} O-O {[%emt 0:00:14]} 10. Ne5 {[%emt 0:01:00]} a5 {[%emt 0:09:55]} 11. a3 {[%emt 0:02:33]} Ne4 {[%emt 0:01:47]} 12. Nxe4 {[%emt 0:07:06]} Bxe4 {[%emt 0:02:08]} 13. Bd3 {[%emt 0:02:10]} Bxd3 {[%emt 0:05:52]} 14. Qxd3 {[%emt 0:00:07]} Bxe5 {[%emt 0:01:32]} 15. dxe5 {[%emt 0:00:10]} Nc5 {[%emt 0:00:07]} 16. Qc2 {[%emt 0:03:48]} a4 {[%emt 0:18:56]} 17. b4 {[%emt 0:00:45]} Nd7 {[%emt 0:04:00]} 18. cxd5 {[%emt 0:02:22]} cxd5 {[%emt 0:00:36]} 19. Bd4 {[%emt 0:00:13]} Qb8 {[%emt 0:00:59]} 20. Qb2 {[%emt 0:01:35]} b5 {[%emt 0:03:29]} 21. Rac1 {[%emt 0:01:08]} Qb7 {[%emt 0:00:17]} 22. Rc2 {[%emt 0:02:31]} Rac8 {[%emt 0:00:15]} 23. Rfc1 {[%emt 0:00:08]} Rc4 {[%emt 0:02:08]} 24. f4 {[%emt 0:06:03]} Nb6 {[%emt 0:01:41]} 25. Rxc4 {[%emt 0:07:46]} dxc4 {[%emt 0:13:45]} 26. Bxb6 {[%emt 0:03:03]} Qxb6 {[%emt 0:00:41]} 27. Qd4 {[%emt 0:00:47]} Qxd4 {[%emt 0:00:41]} 28. exd4 {[%emt 0:00:04]} Rd8 {[%emt 0:01:32]} 29. Rd1 {[%emt 0:00:49]} h5 {[%emt 0:15:00]} 30. Kf2 {[%emt 0:01:07]} Kh7 {[%emt 0:00:13]} 31. g3 {[%emt 0:00:26]} Kg6 {[%emt 0:00:09]} 32. h3 {[%emt 0:00:46]} Kf5 {[%emt 0:01:02]} 33. Kf3 {[%emt 0:00:11]} g5 {[%emt 0:00:37]} 34. g4+ {[%emt 0:00:13]} hxg4+ {[%emt 0:00:15]} 35. hxg4+ {[%emt 0:00:06]} Kg6 {[%emt 0:00:04]} 36. Ke4 {[%emt 0:01:40]} gxf4 {[%emt 0:00:38]} 37. Kxf4 {[%emt 0:01:35]} Rd7 {[%emt 0:05:11]} 38. Ke4 {[%emt 0:01:46]} Kg5 {[%emt 0:00:12]} 39. Rg1 {[%emt 0:00:09]} Rc7 {[%emt 0:00:53]} 40. d5 {[%emt 0:00:00]} exd5+ {[%emt 0:00:57]} 41. Kxd5 {[%emt 0:01:35]} c3 {[%emt 0:00:32]} 42. Kd6 {[%emt 0:04:19]} Rc4 {[%emt 0:00:55]} 43. Ke7 {[%emt 0:00:35]} Re4 {[%emt 0:04:01]} 44. Kd6 {[%emt 0:01:30]} c2 {[%emt 0:01:31]} 45. Rc1 {[%emt 0:01:03]} Rc4 {[%emt 0:02:59]} 46. Ke7 {[%emt 0:00:30]} Kg6 {[%emt 0:02:59]} 47. Kd7 {[%emt 0:02:30]} Rc3 {[%emt 0:02:56]} 48. Kd6 {[%emt 0:00:57]} Kg5 {[%emt 0:09:28]} 49. Ke7 {[%emt 0:01:06]} Kf4 {[%emt 0:01:55]} 50. Kxf7 {[%emt 0:00:53]} Kxe5 {[%emt 0:00:07]} 51. g5 {[%emt 0:00:34]} Kf5 {[%emt 0:00:11]} 52. Rf1+ {[%emt 0:08:38]} Kxg5 0-1

[Event "EYCC 2017"]
[Site "Mamaia"]
[Date "2017.09.11"]
[Round "6"]
[White "Bondareva, Daria"]
[Black "Ziegenfuss, Antonia"]
[Result "1-0"]
[WhiteElo "1754"]
[BlackElo "1956"]
[Annotator "NA"]
[PlyCount "67"]
[EventDate "2017.??.??"]
[EventType "swiss"]
[EventCountry "ROU"]
[SourceTitle "playchess.com"]
[Source "ChessBase"]
[SourceQuality "1"]
[TimeControl "40/5400+30:1800+30"]

1. e4 {[%emt 0:00:00]} c5 {[%emt 0:00:06]} 2. d4 {[%emt 0:00:00]} cxd4 {[%emt 0:00:09]} 3. c3 {[%emt 0:00:00]} dxc3 {[%emt 0:00:07]} 4. Nxc3 {[%emt 0:00:00]} Nc6 {[%emt 0:00:13]} 5. Nf3 {[%emt 0:00:00]} d6 {[%emt 0:00:16]} 6. Bc4 {[%emt 0:00:00]} a6 {[%emt 0:00:08]} 7. O-O {[%emt 0:01:01]} Nf6 {[%emt 0:00:06]} 8. Qe2 {[%emt 0:11:00]} Bg4 {[%emt 0:00:52]} 9. Rd1 {[%emt 0:05:06]} e6 {[%emt 0:03:24]} 10. h3 {[%emt 0:05:22]} Bxf3 {[%emt 0:09:25]} 11. Qxf3 {[%emt 0:02:13]} Ne5 {[%emt 0:01:10]} 12. Qe2 {[%emt 0:00:13]} Nxc4 {[%emt 0:00:10]} 13. Qxc4 {[%emt 0:00:06]} Be7 {[%emt 0:01:16]} 14. e5 {[%emt 0:09:33]} d5 {[%emt 0:03:16]} 15. Qe2 {[%emt 0:00:04]} Nd7 {[%emt 0:00:58]} 16. Qg4 {[%emt 0:05:25]} Nxe5 {[%emt 0:12:48]} 17. Qxg7 {[%emt 0:01:18]} Ng6 {[%emt 0:01:24]} 18. Be3 {[%emt 0:05:41]} Bg5 {[%emt 0:15:12]} 19. Bxg5 {[%emt 0:15:39]} Qxg5 {[%emt 0:00:09]} 20. f4 {[%emt 0:06:34]} Qf5 {[%emt 0:12:53]} 21. Rac1 {[%emt 0:08:39]} O-O-O {[%emt 0:23:23]} 22. g4 {[%emt 0:01:28]} Rhg8 {[%emt 0:06:19]} 23. Qxg8 {[%emt 0:04:10]} Rxg8 {[%emt 0:00:33]} 24. gxf5 {[%emt 0:00:04]} Nxf4+ {[%emt 0:00:17]} 25. Kh2 {[%emt 0:01:02]} Kb8 {[%emt 0:01:24]} 26. fxe6 {[%emt 0:00:51]} fxe6 {[%emt 0:00:10]} 27. Rg1 {[%emt 0:00:32]} Re8 {[%emt 0:02:08]} 28. Rcd1 {[%emt 0:01:43]} Rd8 {[%emt 0:01:28]} 29. Rg4 {[%emt 0:03:11]} Ng6 {[%emt 0:01:38]} 30. h4 {[%emt 0:04:17]} Ne5 {[%emt 0:01:38]} 31. Rg7 {[%emt 0:01:24]} h5 {[%emt 0:00:33]} 32. Ne2 {[%emt 0:05:21]} Ng4+ {[%emt 0:01:34]} 33. Rxg4 {[%emt 0:00:04]} hxg4 {[%emt 0:00:06]} 34. Kg3 {[%emt 0:00:28]} 1-0

[Event "EYCC 2017"]
[Site "Mamaia"]
[Date "2017.09.11"]
[Round "6"]
[White "Lomaia, Diana"]
[Black "Ince, Safiye Oyku"]
[Result "1/2-1/2"]
[WhiteElo "1753"]
[BlackElo "1737"]
[Annotator "NA"]
[PlyCount "88"]
[EventDate "2017.??.??"]
[EventType "swiss"]
[EventCountry "ROU"]
[SourceTitle "playchess.com"]
[Source "ChessBase"]
[SourceQuality "1"]
[TimeControl "40/5400+30:1800+30"]

1. e4 {[%emt 0:00:00]} c5 {[%emt 0:00:04]} 2. Nf3 {[%emt 0:00:00]} e6 {[%emt 0:00:05]} 3. d4 {[%emt 0:00:28]} cxd4 {[%emt 0:00:05]} 4. Nxd4 {[%emt 0:00:07]} Nc6 {[%emt 0:00:03]} 5. Nb5 {[%emt 0:01:13]} Nf6 {[%emt 0:02:19]} 6. N1c3 {[%emt 0:02:16]} Bb4 {[%emt 0:00:32]} 7. a3 {[%emt 0:00:54]} Bxc3+ {[%emt 0:00:04]} 8. Nxc3 {[%emt 0:00:10]} d5 {[%emt 0:00:05]} 9. exd5 {[%emt 0:00:49]} exd5 {[%emt 0:00:05]} 10. Bd3 {[%emt 0:00:47]} O-O {[%emt 0:00:06]} 11. O-O {[%emt 0:00:18]} d4 {[%emt 0:00:02]} 12. Ne2 {[%emt 0:01:45]} Bg4 {[%emt 0:00:04]} 13. Bg5 {[%emt 0:00:48]} Qd6 {[%emt 0:00:36]} 14. Re1 {[%emt 0:01:25]} Rfe8 {[%emt 0:00:57]} 15. Qd2 {[%emt 0:01:10]} Nd5 {[%emt 0:03:11]} 16. Nf4 {[%emt 0:14:05]} Rac8 {[%emt 0:13:47]} 17. Nxd5 {[%emt 0:09:19]} Qxd5 {[%emt 0:01:18]} 18. Qf4 {[%emt 0:00:40]} Be6 {[%emt 0:06:28]} 19. Bh4 {[%emt 0:03:43]} f6 {[%emt 0:11:06]} 20. Bg3 {[%emt 0:03:56]} Ne5 {[%emt 0:01:51]} 21. Be4 {[%emt 0:01:19]} Qd7 {[%emt 0:00:11]} 22. Rad1 {[%emt 0:03:37]} Red8 {[%emt 0:05:05]} 23. h3 {[%emt 0:16:17]} Nc4 {[%emt 0:04:15]} 24. c3 {[%emt 0:04:16]} Qf7 {[%emt 0:07:08]} 25. cxd4 {[%emt 0:12:30]} g5 {[%emt 0:00:07]} 26. Qf3 {[%emt 0:02:20]} Bd5 {[%emt 0:00:04]} 27. Bxd5 {[%emt 0:00:37]} Rxd5 {[%emt 0:00:04]} 28. Re7 {[%emt 0:03:50]} Qxe7 {[%emt 0:00:02]} 29. Qxd5+ {[%emt 0:00:05]} Qf7 {[%emt 0:01:13]} 30. Qxf7+ {[%emt 0:00:21]} Kxf7 {[%emt 0:00:02]} 31. Rc1 {[%emt 0:00:20]} Ke6 {[%emt 0:00:39]} 32. Re1+ {[%emt 0:11:10]} Kf7 {[%emt 0:00:09]} 33. d5 {[%emt 0:02:36]} Rd8 {[%emt 0:01:26]} 34. Rd1 {[%emt 0:00:43]} Nb6 {[%emt 0:03:17]} 35. d6 {[%emt 0:01:00]} Nc8 {[%emt 0:00:41]} 36. f3 {[%emt 0:00:33]} Ke6 {[%emt 0:00:16]} 37. Re1+ {[%emt 0:00:14]} Kf7 {[%emt 0:00:40]} 38. Rc1 {[%emt 0:01:16]} Nxd6 {[%emt 0:01:04]} 39. Bxd6 {[%emt 0:00:06]} Rxd6 {[%emt 0:00:02]} 40. Rc7+ {[%emt 0:00:00]} Kg6 {[%emt 0:00:06]} 41. Rxb7 {[%emt 0:00:16]} Ra6 {[%emt 0:00:23]} 42. g4 {[%emt 0:01:30]} h5 {[%emt 0:00:05]} 43. gxh5+ {[%emt 0:00:35]} Kxh5 {[%emt 0:00:04]} 44. Kf2 {[%emt 0:00:49]} f5 {[%emt 0:00:21]} 1/2-1/2

[Event "EYCC 2017"]
[Site "Mamaia"]
[Date "2017.09.11"]
[Round "6"]
[White "Yakimova, Mariya"]
[Black "Obada, Ema"]
[Result "1-0"]
[WhiteElo "1736"]
[BlackElo "1708"]
[Annotator "NA RC"]
[PlyCount "105"]
[EventDate "2017.??.??"]
[EventType "swiss"]
[EventCountry "ROU"]
[SourceTitle "playchess.com"]
[Source "ChessBase"]
[SourceQuality "1"]
[TimeControl "40/5400+30:1800+30"]

1. e4 {[%emt 0:00:00]} c5 {[%emt 0:00:06]} 2. Nf3 {[%emt 0:00:00]} d6 {[%emt 0:00:14]} 3. d4 {[%emt 0:00:07]} cxd4 {[%emt 0:00:14]} 4. Nxd4 {[%emt 0:00:06]} Nf6 {[%emt 0:00:08]} 5. Nc3 {[%emt 0:00:06]} a6 {[%emt 0:00:06]} 6. Be2 {[%emt 0:05:06]} e5 {[%emt 0:00:49]} 7. Nb3 {[%emt 0:03:04]} Be6 {[%emt 0:01:46]} 8. Be3 {[%emt 0:04:27]} Nbd7 {[%emt 0:01:00]} 9. O-O {[%emt 0:05:19]} Be7 {[%emt 0:01:02]} 10. f3 {[%emt 0:01:40]} h5 {[%emt 0:00:16]} 11. a4 {[%emt 0:05:29]} Rc8 {[%emt 0:04:56]} 12. a5 {[%emt 0:10:00]} Qc7 {[%emt 0:08:36]} 13. Qd2 {[%emt 0:07:09]} O-O {[%emt 0:04:04]} 14. Rfc1 {[%emt 0:07:07]} Bc4 {[%emt 0:08:46]} 15. Bxc4 {[%emt 0:13:52]} Qxc4 {[%emt 0:00:11]} 16. Rd1 {[%emt 0:02:05]} Rfd8 {[%emt 0:05:31]} 17. Qd3 {[%emt 0:17:27]} Qc6 {[%emt 0:08:42]} 18. Rac1 {[%emt 0:00:19]} Nc5 {[%emt 0:06:03]} 19. Nxc5 {[%emt 0:00:33]} dxc5 {[%emt 0:00:05]} 20. Nd5 {[%emt 0:00:29]} Nxd5 {[%emt 0:00:49]} 21. exd5 {[%emt 0:00:07]} Qc7 {[%emt 0:00:19]} 22. c4 {[%emt 0:00:43]} Qxa5 {[%emt 0:01:31]} 23. Qf5 {[%emt 0:00:54]} Bd6 {[%emt 0:04:53]} 24. Qxh5 {[%emt 0:01:21]} b5 {[%emt 0:01:17]} 25. Qg4 {[%emt 0:03:06]} Qc7 {[%emt 0:01:39]} 26. Bg5 {[%emt 0:01:40]} Rd7 {[%emt 0:07:16]} 27. Bf6 {[%emt 0:01:23]} Bf8 {[%emt 0:04:23]} 28. Bxe5 {[%emt 0:01:29]} Qb7 {[%emt 0:00:25]} 29. b3 {[%emt 0:00:24]} Re8 {[%emt 0:00:14]} 30. f4 {[%emt 0:02:25]} Qc8 {[%emt 0:03:16]} 31. Qg3 {[%emt 0:01:38]} Qd8 {[%emt 0:00:35]} 32. Re1 {[%emt 0:02:16]} Rde7 {[%emt 0:00:56]} 33. h3 {[%emt 0:02:23]} f6 {[%emt 0:00:35]} 34. Bc3 {[%emt 0:00:22]} b4 {[%emt 0:00:32]} 35. Bd2 {[%emt 0:01:47]} Re2 {[%emt 0:00:32]} 36. Qd3 {[%emt 0:00:25]} Rxe1+ {[%emt 0:00:51]} 37. Rxe1 {[%emt 0:00:01]} Bd6 {[%emt 0:00:24]} 38. Rxe8+ {[%emt 0:00:53]} Qxe8 {[%emt 0:00:05]} 39. Qe3 {[%emt 0:00:14]} Qxe3+ {[%emt 0:01:52]} 40. Bxe3 {[%emt 0:00:00]} a5 {[%emt 0:00:29]} 41. g3 {[%emt 0:12:33]} Kf7 {[%emt 0:00:15]} 42. Kf2 {[%emt 0:00:58]} Ke7 {[%emt 0:00:12]} 43. Ke2 {[%emt 0:02:32]} Kd7 {[%emt 0:00:19]} 44. Kd3 {[%emt 0:00:16]} Kd8 {[%emt 0:01:30]} 45. g4 {[%emt 0:03:14]} Ke7 {[%emt 0:01:00]} 46. Ke4 {[%emt 0:00:17]} Kf7 {[%emt 0:00:13]} 47. h4 {[%emt 0:02:17]} g6 {[%emt 0:02:54]} 48. f5 {[%emt 0:02:36]} gxf5+ {[%emt 0:00:28]} 49. Kxf5 {[%emt 0:00:07]} Bf8 {[%emt 0:03:10]} 50. h5 {[%emt 0:08:12]} Be7 {[%emt 0:01:05]} 51. h6 {[%emt 0:00:33]} Bd6 {[%emt 0:00:18]} 52. h7 {[%emt 0:00:48]} Kg7 {[%emt 0:00:42]} 53. Ke6 {[%emt 0:00:06]} 1-0

[Event "EYCC 2017"]
[Site "Mamaia"]
[Date "2017.09.11"]
[Round "6"]
[White "Vetokhin, Savva"]
[Black "Royal, Shreyas"]
[Result "0-1"]
[WhiteElo "1703"]
[BlackElo "1700"]
[Annotator "NA"]
[PlyCount "148"]
[EventDate "2017.??.??"]
[EventType "swiss"]
[EventCountry "ROU"]
[SourceTitle "playchess.com"]
[Source "ChessBase"]
[SourceQuality "1"]
[TimeControl "40/5400+30:1800+30"]

1. e4 c5 2. c3 Nf6 3. e5 Nd5 4. Nf3 Nc6 5. Bc4 Nb6 6. Bb3 d5 7. exd6 Qxd6 8. Na3 Be6 9. d4 Bxb3 10. Qxb3 cxd4 11. Nb5 Qd7 12. Nbxd4 e6 13. Nxc6 Qxc6 14. O-O Be7 15. Ne5 Qd5 16. Bf4 Qxb3 17. axb3 O-O 18. Rfd1 Nd5 19. Bg3 a6 20. c4 Nf6 21. Rd3 Rfd8 22. Rad1 Rxd3 23. Rxd3 Rd8 24. Rxd8+ Bxd8 25. Bh4 Kf8 26. Nd3 Be7 27. Kf1 Ke8 28. Ke2 h6 29. f4 Bd6 30. h3 Nh5 31. Ke3 Nxf4 32. Nxf4 g5 33. Nxe6 fxe6 34. Be1 Be5 35. Bc3 Bxc3 36. bxc3 Kd7 37. Kd4 Kd6 38. Ke4 h5 39. g3 b6 40. h4 gxh4 41. gxh4 e5 42. Kf5 a5 43. Kg5 Ke6 44. Kxh5 Kf5 45. Kh6 e4 46. h5 e3 47. Kg7 e2 48. h6 e1=Q 49. h7 Qxc3+ 50. Kg8 Ke4 51. h8=Q Qxh8+ 52. Kxh8 Kd3 53. Kg7 Kc3 54. Kf6 Kxb3 55. Ke5 a4 56. Kd5 a3 57. c5 bxc5 58. Kxc5 a2 59. Kb5 a1=Q 60. Kc5 Qe5+ 61. Kc6 Qd4 62. Kb5 Qc4+ 63. Kb6 Kb4 64. Kb7 Kb5 65. Ka7 Qc7+ 66. Ka8 Qa5+ 67. Kb7 Qa6+ 68. Kc7 Kc5 69. Kd7 Qb6 70. Ke7 Kd5 71. Kf7 Ke5 72. Kg7 Kf5 73. Kh7 Kg5 74. Kg8 Kg6 0-1

[Event "EYCC 2017"]
[Site "Mamaia"]
[Date "2017.09.11"]
[Round "6"]
[White "Kolesov, Gordey"]
[Black "Milikow, Elie"]
[Result "1-0"]
[WhiteElo "1672"]
[BlackElo "1977"]
[Annotator "NA RC"]
[PlyCount "169"]
[EventDate "2017.??.??"]
[EventType "swiss"]
[EventCountry "ROU"]
[SourceTitle "playchess.com"]
[Source "ChessBase"]
[SourceQuality "1"]
[TimeControl "40/5400+30:1800+30"]

1. e4 {[%emt 0:00:00]} c5 {[%emt 0:00:07]} 2. Nf3 {[%emt 0:00:00]} Nc6 {[%emt 0:00:05]} 3. d4 {[%emt 0:00:00]} cxd4 {[%emt 0:00:05]} 4. Nxd4 {[%emt 0:00:00]} Nf6 {[%emt 0:00:10]} 5. Nc3 {[%emt 0:00:03]} e5 {[%emt 0:00:19]} 6. Ndb5 {[%emt 0:00:05]} d6 {[%emt 0:00:18]} 7. Bg5 {[%emt 0:00:07]} a6 {[%emt 0:00:22]} 8. Na3 {[%emt 0:00:05]} b5 {[%emt 0:00:24]} 9. Bxf6 {[%emt 0:00:10]} Qxf6 {[%emt 0:00:30]} 10. Nd5 {[%emt 0:00:54]} Qd8 {[%emt 0:00:56]} 11. c3 {[%emt 0:07:36]} Be7 {[%emt 0:01:19]} 12. Nc2 {[%emt 0:02:23]} O-O {[%emt 0:01:21]} 13. Bd3 {[%emt 0:01:50]} Be6 {[%emt 0:01:48]} 14. Nce3 {[%emt 0:00:05]} Bg5 {[%emt 0:03:23]} 15. O-O {[%emt 0:02:35]} Ne7 {[%emt 0:02:08]} 16. Bc2 {[%emt 0:10:24]} Bxe3 {[%emt 0:06:30]} 17. Nxe3 {[%emt 0:00:05]} g6 {[%emt 0:01:40]} 18. Bb3 {[%emt 0:01:31]} Bxb3 {[%emt 0:01:04]} 19. Qxb3 {[%emt 0:00:10]} Kh8 {[%emt 0:01:34]} 20. Rad1 {[%emt 0:01:32]} Ra7 {[%emt 0:02:24]} 21. Qa3 {[%emt 0:03:12]} Nc8 {[%emt 0:01:31]} 22. c4 {[%emt 0:01:55]} Qc7 {[%emt 0:07:06]} 23. Rc1 {[%emt 0:02:47]} bxc4 {[%emt 0:17:33]} 24. Nxc4 {[%emt 0:00:25]} Qe7 {[%emt 0:03:05]} 25. Rfd1 {[%emt 0:01:14]} Rd8 {[%emt 0:03:44]} 26. Rd5 {[%emt 0:00:39]} f6 {[%emt 0:04:11]} 27. Rcd1 {[%emt 0:07:57]} Rad7 {[%emt 0:10:37]} 28. h3 {[%emt 0:02:37]} Kg7 {[%emt 0:02:08]} 29. Qxa6 {[%emt 0:01:36]} Ra7 {[%emt 0:03:51]} 30. Qc6 {[%emt 0:00:33]} Rc7 {[%emt 0:00:28]} 31. Qa4 {[%emt 0:00:59]} Rxc4 {[%emt 0:01:36]} 32. Qxc4 {[%emt 0:00:04]} Nb6 {[%emt 0:00:06]} 33. Qc6 {[%emt 0:00:06]} Nxd5 {[%emt 0:00:05]} 34. Rxd5 {[%emt 0:00:05]} f5 {[%emt 0:01:04]} 35. Rb5 {[%emt 0:00:35]} Rd7 {[%emt 0:00:59]} 36. Rb8 {[%emt 0:04:46]} Rc7 {[%emt 0:01:26]} 37. Qd5 {[%emt 0:01:52]} Qg5 {[%emt 0:09:46]} 38. g3 {[%emt 0:03:25]} Rc1+ {[%emt 0:01:12]} 39. Kg2 {[%emt 0:00:20]} Qe7 {[%emt 0:04:52]} 40. Rb6 {[%emt 0:00:00]} Rc5 {[%emt 0:02:16]} 41. Qxd6 {[%emt 0:05:49]} Qxd6 {[%emt 0:00:08]} 42. Rxd6 {[%emt 0:00:05]} fxe4 {[%emt 0:00:10]} 43. Rd2 {[%emt 0:00:40]} Kf6 {[%emt 0:02:01]} 44. b4 {[%emt 0:00:23]} Rc4 {[%emt 0:01:05]} 45. Rb2 {[%emt 0:00:23]} Ke6 {[%emt 0:01:40]} 46. a4 {[%emt 0:00:46]} Kd6 {[%emt 0:01:51]} 47. a5 {[%emt 0:00:15]} Kc7 {[%emt 0:00:38]} 48. b5 {[%emt 0:00:45]} Kb7 {[%emt 0:01:23]} 49. Kf1 {[%emt 0:00:56]} Ra4 {[%emt 0:01:09]} 50. a6+ {[%emt 0:00:18]} Kb6 {[%emt 0:00:53]} 51. Ke2 {[%emt 0:00:20]} Ra3 {[%emt 0:01:59]} 52. Rb4 {[%emt 0:01:10]} Rc3 {[%emt 0:03:54]} 53. Ra4 {[%emt 0:00:41]} Rc8 {[%emt 0:00:52]} 54. Rxe4 {[%emt 0:03:03]} Kxb5 {[%emt 0:00:09]} 55. Rxe5+ {[%emt 0:00:05]} Kxa6 {[%emt 0:00:06]} 56. Re7 {[%emt 0:00:06]} Rh8 {[%emt 0:01:11]} 57. Rf7 {[%emt 0:00:07]} Kb5 {[%emt 0:01:41]} 58. Kf3 {[%emt 0:00:21]} Kc5 {[%emt 0:02:59]} 59. Kf4 {[%emt 0:00:12]} h6 {[%emt 0:01:03]} 60. Ke5 {[%emt 0:00:39]} g5 {[%emt 0:01:31]} 61. Kf6 {[%emt 0:00:42]} Rg8 {[%emt 0:01:44]} 62. Rg7 {[%emt 0:01:34]} Rf8+ {[%emt 0:00:07]} 63. Kg6 {[%emt 0:00:16]} Rxf2 {[%emt 0:00:15]} 64. Kxh6 {[%emt 0:00:05]} Kd6 {[%emt 0:01:29]} 65. Kxg5 {[%emt 0:00:41]} Ke6 {[%emt 0:00:12]} 66. g4 {[%emt 0:00:12]} Rc2 {[%emt 0:00:06]} 67. h4 {[%emt 0:01:11]} Rc5+ {[%emt 0:00:14]} 68. Kh6 {[%emt 0:00:36]} Kf6 {[%emt 0:01:05]} 69. g5+ {[%emt 0:00:14]} Kf5 {[%emt 0:00:09]} 70. Rf7+ {[%emt 0:04:27]} Kg4 {[%emt 0:00:59]} 71. g6 {[%emt 0:01:09]} Rh5+ {[%emt 0:01:13]} 72. Kg7 {[%emt 0:00:05]} Rxh4 {[%emt 0:02:36]} 73. Kf6 {[%emt 0:00:08]} Rh5 {[%emt 0:00:13]} 74. g7 {[%emt 0:00:23]} Rf5+ {[%emt 0:00:20]} 75. Ke7 {[%emt 0:00:18]} Re5+ {[%emt 0:00:14]} 76. Kf8 {[%emt 0:00:07]} Rg5 {[%emt 0:00:14]} 77. g8=Q {[%emt 0:00:06]} Rxg8+ {[%emt 0:00:11]} 78. Kxg8 {[%emt 0:00:04]} Kg5 {[%emt 0:00:09]} 79. Kg7 {[%emt 0:00:05]} Kh5 {[%emt 0:00:08]} 80. Kf6 {[%emt 0:00:06]} Kg4 {[%emt 0:00:08]} 81. Ke5 {[%emt 0:00:07]} Kg3 {[%emt 0:00:09]} 82. Ke4 {[%emt 0:00:04]} Kg2 {[%emt 0:00:13]} 83. Ke3 {[%emt 0:00:07]} Kh2 {[%emt 0:00:08]} 84. Rg7 {[%emt 0:00:05]} Kh3 {[%emt 0:00:05]} 85. Ke4 1-0

[Event "EYCC 2017"]
[Site "Mamaia"]
[Date "2017.09.11"]
[Round "6"]
[White "Ermachenko, Manuel"]
[Black "Makkar, Rajat"]
[Result "1/2-1/2"]
[WhiteElo "1660"]
[BlackElo "1880"]
[Annotator "NA"]
[PlyCount "84"]
[EventDate "2017.??.??"]
[EventType "swiss"]
[EventCountry "ROU"]
[SourceTitle "playchess.com"]
[Source "ChessBase"]
[SourceQuality "1"]
[TimeControl "40/5400+30:1800+30"]

1. e4 {[%emt 0:00:00]} c6 {[%emt 0:00:24]} 2. d4 {[%emt 0:01:40]} d5 {[%emt 0:01:11]} 3. Nc3 {[%emt 0:01:41]} dxe4 {[%emt 0:01:24]} 4. Nxe4 {[%emt 0:01:19]} Nd7 {[%emt 0:00:36]} 5. Ng5 {[%emt 0:02:25]} Ngf6 {[%emt 0:01:32]} 6. Bd3 {[%emt 0:01:49]} e6 {[%emt 0:01:34]} 7. N1f3 {[%emt 0:02:46]} Bd6 {[%emt 0:03:24]} 8. Qe2 {[%emt 0:02:57]} h6 {[%emt 0:01:06]} 9. Ne4 {[%emt 0:01:42]} Nxe4 {[%emt 0:02:25]} 10. Qxe4 {[%emt 0:02:23]} Qc7 {[%emt 0:01:33]} 11. Bd2 {[%emt 0:03:15]} b6 {[%emt 0:02:09]} 12. O-O {[%emt 0:09:24]} Bb7 {[%emt 0:04:09]} 13. h3 {[%emt 0:02:11]} c5 {[%emt 0:02:25]} 14. Qe2 {[%emt 0:00:56]} O-O {[%emt 0:01:09]} 15. Bc3 {[%emt 0:03:00]} Rfe8 {[%emt 0:14:05]} 16. Rfe1 {[%emt 0:07:48]} a6 {[%emt 0:06:21]} 17. Rad1 {[%emt 0:04:22]} b5 {[%emt 0:07:46]} 18. dxc5 {[%emt 0:11:13]} Nxc5 {[%emt 0:00:50]} 19. Ne5 {[%emt 0:03:22]} Rad8 {[%emt 0:03:31]} 20. Bd4 {[%emt 0:08:14]} Nxd3 {[%emt 0:03:25]} 21. Rxd3 {[%emt 0:02:39]} Bd5 {[%emt 0:05:09]} 22. Qh5 {[%emt 0:03:23]} f6 {[%emt 0:03:47]} 23. Ng4 {[%emt 0:00:51]} e5 {[%emt 0:01:48]} 24. Qg6 {[%emt 0:02:45]} Kh8 {[%emt 0:01:40]} 25. Be3 {[%emt 0:03:07]} Qf7 {[%emt 0:03:30]} 26. Qxf7 {[%emt 0:00:59]} Bxf7 {[%emt 0:00:02]} 27. Bb6 {[%emt 0:00:30]} Bc4 {[%emt 0:10:45]} 28. Rd2 {[%emt 0:02:05]} Bb4 {[%emt 0:00:52]} 29. Rxd8 {[%emt 0:00:27]} Rxd8 {[%emt 0:00:01]} 30. c3 {[%emt 0:00:14]} Rb8 {[%emt 0:01:44]} 31. Bc7 {[%emt 0:00:11]} Rc8 {[%emt 0:00:41]} 32. Bxe5 {[%emt 0:00:29]} fxe5 {[%emt 0:01:13]} 33. cxb4 {[%emt 0:00:11]} Bxa2 {[%emt 0:01:18]} 34. Ra1 {[%emt 0:00:35]} Bd5 {[%emt 0:02:49]} 35. Nxe5 {[%emt 0:00:45]} Rc2 {[%emt 0:00:22]} 36. Rxa6 {[%emt 0:03:41]} Rxb2 {[%emt 0:00:22]} 37. Rd6 {[%emt 0:00:45]} Bc4 {[%emt 0:00:49]} 38. Nc6 {[%emt 0:00:54]} Kh7 {[%emt 0:00:55]} 39. f3 {[%emt 0:00:12]} Rb1+ {[%emt 0:00:26]} 40. Kf2 {[%emt 0:00:00]} Rb2+ {[%emt 0:00:41]} 41. Kg1 {[%emt 0:01:01]} Rb1+ {[%emt 0:00:12]} 42. Kh2 {[%emt 0:00:46]} Rb2 {[%emt 0:00:14]} 1/2-1/2

[Event "EYCC 2017"]
[Site "Mamaia"]
[Date "2017.09.11"]
[Round "6"]
[White "Verma, Shlok"]
[Black "Ljepic, Andrej"]
[Result "0-1"]
[WhiteElo "1658"]
[BlackElo "1616"]
[Annotator "NA"]
[PlyCount "76"]
[EventDate "2017.??.??"]
[EventType "swiss"]
[EventCountry "ROU"]
[SourceTitle "playchess.com"]
[Source "ChessBase"]
[SourceQuality "1"]
[TimeControl "40/5400+30:1800+30"]

1. d4 e6 2. Nf3 d5 3. Bf4 Nf6 4. e3 Be7 5. Nbd2 O-O 6. c3 Nbd7 7. Bd3 c5 8. O-O b6 9. Qe2 Bb7 10. Rfe1 Ne4 11. Ne5 Bf6 12. Nxe4 dxe4 13. Bb5 Bxe5 14. dxe5 Qe7 15. Rad1 Rfd8 16. Rd6 a6 17. Bxd7 Rxd7 18. Rxb6 Rad8 19. Rd6 Rxd6 20. exd6 Qf6 21. Qg4 e5 22. Bg3 Qxd6 23. Qe2 f6 24. Qc2 Qd2 25. Qxd2 Rxd2 26. Kf1 a5 27. b3 a4 28. Rb1 Ba6+ 29. Ke1 Re2+ 30. Kd1 Bd3 31. Ra1 f5 32. bxa4 f4 33. exf4 exf4 34. Bh4 g5 35. Bxg5 Rxf2 36. Rc1 e3 37. Bh4 Rxg2 38. c4 f3 0-1